书目信息 |
| 书名: | Strangers to these shores | |
| 作者: | Vincent N. Parrillo | |
| 分册号: | ||
| 分册名: | 出版地: | Boston : |
|
| 出版社: | Allyn and Bacon | |
| 出版时间: | c1997. | |
| 页数: | xxii, 606 p. : | |
| 开本: | 25 cm. | |
| 丛书名: | ||
| 中图分类号: | ||
| 科图分类号: | ||
| 其他分类号: | D771.262 | |
| 主题词: | ||
| 电子资源: | ||
| 000 | 01505nam 2200337 a 4500 | |
| 001 | E0733519796 | |
| 003 | OCoLC | |
| 005 | 20070514092104.98 | |
| 008 | 001 0 eng | |
| 008 | uu | |
| 008 | 001997 | |
| 010 | @a99026303 | |
| 020 | @a0-205-19171-1. | |
| 040 | @aDLC @cDLC @dQP9 | |
| 042 | @apcc | |
| 043 | @an-us--- | |
| 049 | @aN5LA | |
| 050 | 00 | @aE184.A1 @bP33 2000 |
| 082 | 00 | @a305.8/00973 @221 |
| 090 | @aD771.262 | |
| 096 | @aD771.262 @v4 | |
| 099 | @dD771.262@ex114=5 | |
| 100 | 1 | @aParrillo, Vincent N. |
| 245 | 10 | @aStrangers to these shores :@brace and ethnic relations in the United States / @cVincent N. Parrillo |
| 250 | @a5th ed. | |
| 260 | @aBoston :@bAllyn and Bacon,@cc1997. | |
| 300 | @axxii, 606 p. :@bill. (some col.), col. maps ;@c25 cm. | |
| 505 | 0 | @aSociological framework. The study of minorities -- Culture and social structure -- Prejudice and discrimination -- Dominant-minority relations -- European Americans. Northern and Western Europeans -- Southern, Central, and Eastern Europeans -- People of color. The Native Americans -- East and Southeast Asian Americans -- Other Asian and Middle Eastern Americans -- African Americans -- Hispanic and Caribbean Americans -- Other minorities. Religious minorities -- Women as |
| 651 | 0 | @aUnited States @xEthnic relations. @b00 @c20020930 @lNLC09 @h2255 @lNLC09 @h0039 @lNLC09 @h2036 |
| 651 | 0 | @aUnited States @xRace relations. |
| 852 | 9 | @bWWJC @cJ09 @k2-2001 @hD771.262 @iP261/2000 |
| Strangers to these shores : : race and ethnic relations in the United States / / Vincent N. Parrillo.-5th ed.-Boston : : Allyn and Bacon, , c1997. |
| xxii, 606 p. : : ill. (some col.), col. maps ; ; 25 cm. |
| Sociological framework. The study of minorities -- Culture and social structure -- Prejudice and discrimination -- Dominant-minority relations -- European Americans. Northern and Western Europeans -- Southern, Central, and Eastern Europeans -- People of color. The Native Americans -- East and Southeast Asian Americans -- Other Asian and Middle Eastern Americans -- African Americans -- Hispanic and Caribbean Americans -- Other minorities. Religious minorities -- Women as |
| ISBN 0-205-19171-1. |
| ● |
| 相关链接 |
|
|
|
|
正题名:Strangers to these shores
索取号:D771.262/x114=5
 
预约/预借
| 序号 | 登录号 | 条形码 | 馆藏地/架位号 | 状态 | 备注 |
| 1 | 8960 | 300089605 | 第二样本阅览室/ [索取号:D771.262/x114=5] | 在馆 | |
| 2 | 8961 | 300089614 | 第四借阅区/ [索取号:D771.262/x114=5] | 在馆 | |
| 3 | 8962 | 300089623 | 第四借阅区/ [索取号:D771.262/x114=5] | 在馆 | |
| 4 | 8963 | 300089632 | 第四借阅区/ [索取号:D771.262/x114=5] | 在馆 |